00584 2200217 4500001002300000005001700023006001900040008004100059035002500100040001400125082001000139084001600149090002300165100001800188245003800206250001000244260003900254300003700293850001500330990002100345NBPULOB00000000000223520140718145404.0a ||| | 161121| ||| |  a0010-011400000000381 aNPBBUNLOB0 a2x2.6 a2x2.6 rah a a200/Agama/RAK.12.50 aMB. Rahimsyah00a20 Cerita Islam untuk anak muslim aCet.1 aSurabayabBintang Usaha Jayac2008 aiv +48 hlmbillusc26,5 x14,5 cm aKPAD LOBAR a17.594/sumb/2008